Marki traktorów po Polsku - Statystyki

Ogólne statystyki
  • Ten quiz został rozwiązany 626 razy
  • Średni wynik to 12 z 22
Statystyki odpowiedzi
Odpowiedź % Poprawnych
U Ursus
93%
Z Zetor
86%
J John Deere
81%
N New Holland
73%
C Claas
72%
C Case
69%
F Fendt
68%
V Valtra
63%
M Massey Ferguson
60%
B Belarus
58%
L Lamborghini
58%
D Deutz-Fahr
56%
K Kubota
44%
A Arbos
43%
L Landini
40%
P Pronar
38%
J JCB
37%
R Renault
36%
S Steyr
26%
F Ford
25%
M McCormick
16%
C Challenger
14%
Nie znaleziono quizów pasujących do podanych kryteriów
Rozkład punktacji
Procent ludzi z każdym wynikiem
Percentyl według liczby udzielonych odpowiedzi
Twoja historia wyników
Nie rozwiązałeś tego quizu